000 00433nam a22001457a 4500
005 20250724181237.0
008 250724b |||||||| |||| 00| 0 eng d
020 _a0842375752
050 _aBS 440
_bILL
245 _aTHE ILLUSTRATED BIBLE DICTIONARY
_cJ. D. DOUGLAS EDITOR -AT LARGE
250 _aPART 1 & 2
260 _aLEICESTER
_bINTER-VASITY PRESS
_cc1986
300 _a576p, & 1152p,;
_bcol. illus col. maps
942 _2lcc
_cREF
_n0
999 _c7155
_d7155